[Event "It (open)"]
[Site "masterchessopen.com - Fouesnant (France)"]
[Date "2003.10.26"]
[Round "3"]
[White "Picart Laurent (FRA)"]
[Black "Delacotte Bruno (FRA)"]
[Result "1-0"]
[WhiteElo "2034"]
[BlackElo "2118"]

1.d4 Nf6 2.c4 c5 3.d5 e6 4.Nc3 exd5 5.cxd5 d6 6.e4 g6 7.Nf3 Bg7 8.Nd2 O-O
9.Be2 Re8 10.O-O Nbd7 11.Qc2 a6 12.a4 Qe7 13.Re1 Rb8 14.Bf1 b6 15.Nc4 Ng4
16.h3 Nge5 17.Ne3 Qh4 18.Bd2 Nf8 19.f4 Ned7 20.Nc4 Bd4+ 21.Kh1 Qf6 22.Bd3 b5
23.axb5 axb5 24.e5 dxe5 25.fxe5 Nxe5 26.Ne4 Qh4 27.Bg5 bxc4 28.Bxh4 {#r} 1-0

[Event "Ch Bulgaria (team)"]
[Site "masterchessopen.com - Plovdiv (Bulgaria)"]
[Date "2003.11.11"]
[Round "9"]
[White "Dimitrov Plamen (BUL)"]
[Black "Stoilov Atanas (BUL)"]
[Result "0-1"]
[WhiteElo "2206"]
[BlackElo "2179"]

1.d4 Nf6 2.Nf3 g6 3.c4 Bg7 4.Nc3 O-O 5.e4 d6 6.Be2 c5 7.d5 e6 8.O-O exd5
9.cxd5 Re8 10.Nd2 a6 11.a4 h5 12.Qc2 Nbd7 13.Nc4 Nb6 14.Nxb6 Qxb6 15.a5 Qc7
16.Bf4 Rb8 17.Bc4 Ng4 18.Na4 Qe7 19.Rae1 Bd7 20.Nb6 Bb5 21.Qd2 Bd4 22.h3 Ne5
23.Bxb5 axb5 24.b4 Rbd8 25.Rb1 Nd7 26.bxc5 Bxc5 27.Nxd7 Qxd7 28.Qd3 Ra8
29.Rxb5 Rxe4 30.Rxc5 Rxf4 31.Rb5 Rd4 32.Qb3 Qf5 33.Re1 Rd2 34.Qe3 Rxd5 35.Rxb7
Rdxa5 36.Qd4 Re5 37.Reb1 Qf6 38.Qd2 Rae8 39.Rb8 Kg7 40.Rxe8 Rxe8 41.Qd3 Qe5
42.g3 Re6 {#R} 0-1

[Event "Ch France (team) (2) 2003/04"]
[Site "masterchessopen.com - France"]
[Date "2003.11.16"]
[Round "3"]
[White "Nguyen Thanh-Tong (FRA)"]
[Black "Petitcunot Pierre (FRA)"]
[Result "1-0"]
[WhiteElo "2303"]
[BlackElo "2351"]

1.d4 g6 2.c4 Bg7 3.e4 d6 4.Nc3 c5 5.d5 e6 6.Nf3 exd5 7.cxd5 Nf6 8.Be2 O-O
9.O-O Re8 10.Nd2 Nbd7 11.Re1 a6 12.a4 Rb8 13.f4 c4 14.a5 Nc5 15.Qc2 b5 16.axb6
Ng4 17.Bxg4 Nd3 18.Re3 Bxg4 19.Nxc4 Nxc1 20.Rxc1 Rc8 21.Na4 Bd4 22.Qd3 Qf6
23.Kh1 Bxe3 24.Qxe3 Bd7 25.b3 Bb5 26.Nab2 a5 27.h3 Ba6 28.Re1 g5 29.fxg5 Qg6
30.Nxa5 Rc5 31.Nbc4 Rxd5 32.exd5 Rxe3 33.Rxe3 Qxg5 34.b7 Bxb7 35.Nxb7 h5
36.Nbxd6 h4 37.Re4 f5 38.Re3 Kh7 39.Rf3 f4 40.Ne4 Qf5 41.Nc3 Kh6 42.d6 Kg5
43.Ne2 Qb1+ 44.Kh2 Qe1 45.d7 Qd1 46.Ne5 {#r} 1-0

[Event "Ch Russia (club) (1 liga)"]
[Site "masterchessopen.com - Sochi (Russia)"]
[Round "5"]
[White "Ajupov Damir (RUS)"]
[Black "Kostin Alexey (RUS)"]
[Result "0-1"]
[WhiteElo "2325"]
[BlackElo "2387"]

1.d4 Nf6 2.c4 e6 3.Nc3 c5 4.d5 exd5 5.cxd5 d6 6.e4 g6 7.Nf3 Bg7 8.Be2 O-O
9.Nd2 Re8 10.O-O Nbd7 11.a4 a6 12.Qc2 Rb8 13.Nc4 Ne5 14.Na3 Qe7 15.Bf4 Nh5
16.Bxh5 Qh4 17.Qd2 Qxh5 18.f3 h6 19.b3 g5 20.Bg3 f5 21.exf5 Bxf5 22.Rae1 Qg6
23.Ne4 b5 24.axb5 axb5 25.h3 b4 26.Nc4 Nxc4 27.bxc4 Bxe4 28.Rxe4 b3 29.Qd3
Rxe4 30.fxe4 b2 31.Rb1 Re8 32.Kh2 Qxe4 {#R} 0-1

[Event "It (open)"]
[Site "masterchessopen.com - Oberwart (Austria)"]
[Date "2004.07.11"]
[Round "2"]
[White "Horvath Peter_ (HUN)"]
[Black "Winiwarter Felix (AUT)"]
[Result "1-0"]
[WhiteElo "2477"]
[BlackElo "2219"]

1.d4 Nf6 2.c4 c5 3.d5 e6 4.Nc3 exd5 5.cxd5 d6 6.Nf3 g6 7.Nd2 Bg7 8.e4 O-O
9.Be2 Re8 10.O-O Nbd7 11.a4 a6 12.Ra3 Qe7 13.Nc4 Ne5 14.Nb6 Rb8 15.Bf4 Nfd7
16.Nxc8 Rexc8 17.Bg3 f5 18.exf5 gxf5 19.Qd2 Qf6 20.Bf4 Ng6 21.Bg5 Qd4 22.Qc2
Rf8 23.Nd1 b5 24.axb5 axb5 25.Ra7 Rf7 26.Nc3 c4 27.Rc7 Qe5 28.h4 h6 29.Bh5 Kh7
30.Bd2 Qf6 31.Re1 Ndf8 32.Rxf7 Qxf7 33.Bxg6+ Qxg6 34.Bf4 Kh8 35.Nd1 Re8
36.Rxe8 Qxe8 37.Ne3 Ng6 38.Bxd6 Nxh4 39.Bg3 Ng6 40.Nxf5 Qe1+ 41.Kh2 Be5 42.d6
Nf8 43.f4 Bf6 44.Bxe1 {#r} 1-0

[Event "It (open)"]
[Site "masterchessopen.com - Richmond (Canada)"]
[Date "2004.07.12"]
[Round "4"]
[White "Kraidman Yair (ISR)"]
[Black "Oszvald Joe (CAN)"]
[Result "1-0"]
[WhiteElo "2307"]
[BlackElo "2172"]

1.d4 c5 2.d5 Nf6 3.c4 e6 4.Nc3 exd5 5.cxd5 d6 6.Nf3 g6 7.e4 Bg7 8.Be2 O-O
9.O-O Re8 10.Nd2 b6 11.Re1 Na6 12.Bb5 Re7 13.Nc4 Nc7 14.Bc6 Rb8 15.e5 Nfe8
16.Bg5 f6 17.exd6 Rxe1+ 18.Qxe1 Nxd6 19.Nxd6 fxg5 20.Nde4 Bf5 21.Rd1 Kh8
22.Ng3 Bg4 23.Rd2 Bd4 24.h3 Bd7 25.Rxd4 cxd4 26.Qe5+ Kg8 27.d6 Qe8 28.Qxd4
Bxc6 29.dxc7 Rc8 30.Nge4 Bxe4 31.Nxe4 Qe7 32.Nf6+ Kf7 33.Nd5 Qe6 34.g3 h5
35.b4 h4 36.gxh4 gxh4 37.b5 g5 38.Kg2 Rg8 39.a4 g4 40.Qf4+ Kg7 41.Qg5+ Kh8
42.Qxh4+ Kg7 43.Qg5+ Kh8 44.Qh5+ Kg7 45.hxg4 Qe4+ 46.Kg3 Qd3+ 47.f3 Rf8
48.Qg5+ Kh7 49.Qe7+ Kg8 50.Nf6+ {#r} 1-0

[Event "It (open)"]
[Site "masterchessopen.com - Balatonlelle (Hungary)"]
[Date "2004.07.19"]
[Round "1"]
[White "Horvath Julia (HUN)"]
[Black "Boros Koppany (HUN)"]
[Result "1-0"]
[WhiteElo "2226"]
[BlackElo "2035"]

1.d4 Nf6 2.c4 c5 3.d5 e6 4.Nc3 exd5 5.cxd5 d6 6.e4 g6 7.Be2 Bg7 8.Nf3 O-O
9.Nd2 Re8 10.O-O a6 11.a4 Nbd7 12.f3 Ne5 13.a5 b5 14.axb6 Qxb6 15.Nc4 Nxc4
16.Bxc4 Bd7 17.Ra3 Reb8 18.Qe2 Ne8 19.f4 Bxc3 20.Rxc3 Bb5 21.f5 Bxc4 22.Rxc4
Ng7 23.Qf2 Qc7 24.Bh6 Qd7 25.Bxg7 Kxg7 26.f6+ Kg8 27.Qf4 Qd8 28.e5 dxe5
29.Qxe5 Rc8 30.d6 Rc6 31.Rd1 Qd7 32.Re4 {#r} 1-0

[Event "It (open)"]
[Site "masterchessopen.com - Balatonlelle (Hungary)"]
[Date "2004.07.21"]
[Round "3"]
[White "Szabo Balazs (HUN)"]
[Black "Boros Koppany (HUN)"]
[Result "1-0"]
[WhiteElo "2161"]
[BlackElo "2035"]

1.d4 Nf6 2.Nf3 e6 3.c4 c5 4.d5 exd5 5.cxd5 d6 6.Nc3 g6 7.Nd2 Bg7 8.e4 O-O
9.Be2 Re8 10.O-O a6 11.a4 Nbd7 12.f3 Ne5 13.Nc4 Rb8 14.Qc2 h6 15.Nxe5 Rxe5
16.a5 Re8 17.Bc4 g5 18.Be3 Nd7 19.Bf2 Ne5 20.b3 Qf6 21.Ne2 Qg6 22.Ng3 Nxc4
23.bxc4 Bxa1 24.Rxa1 h5 25.Be1 h4 26.Nf5 Bxf5 27.exf5 Qh6 28.Bc3 f6 29.Qb2 Kf7
30.Qb6 Qf8 31.Qb2 Kg7 32.Qd2 Qe7 33.Qxg5+ Kf8 34.Qh6+ Kg8 35.Bxf6 Qe3+ 36.Qxe3
Rxe3 37.Bxh4 Kf7 38.Rb1 Rc3 39.Bg3 Rxc4 40.Bxd6 Re8 41.Rxb7+ Kf6 42.g4 Re2
43.Rb1 Rcc2 44.Bg3 c4 45.d6 c3 46.d7 Red2 47.d8=Q+ {#r} 1-0

[Event "Extra League 2004"]
[Site "masterchessopen.com - Dzwirzyno (Poland)"]
[Round "0"]
[White "Schmidt Wlodzimierz (POL)"]
[Black "Toczek Grzegorz (POL)"]
[Result "1-0"]
[WhiteElo "2426"]
[BlackElo "2378"]

1.d4 Nf6 2.c4 c5 3.d5 e6 4.Nc3 exd5 5.cxd5 d6 6.Nf3 g6 7.Nd2 Bg7 8.e4 O-O
9.Be2 Re8 10.O-O Nbd7 11.a4 Ne5 12.Qc2 g5 13.Ra3 Nfg4 14.Nd1 Nh6 15.Ne3 Rf8
16.f4 gxf4 17.Rxf4 Qg5 18.Rf1 f5 19.Nec4 Nef7 20.Rg3 Qe7 21.Bd3 f4 22.Rxf4 Kh8
23.Nf3 Bd7 24.Bd2 Ne5 25.Rxf8+ Rxf8 26.Bg5 Nxf3+ 27.gxf3 Bd4+ 28.Kg2 Qg7
29.Bf4 Bh3+ 30.Kh1 Bg4 31.Qc1 Bxf3+ 32.Rxf3 Ng4 33.Qf1 Qf6 34.Be5 Bxe5 35.Nxe5
{#r} 1-0

[Event "It (open)"]
[Site "masterchessopen.com - Vadso (Norway)"]
[Date "2004.08.28"]
[Round "2"]
[White "Brasoy Aksel (NOR)"]
[Black "Svendsen Frank (NOR)"]
[Result "1-0"]
[WhiteElo "1984"]
[BlackElo "2029"]

1.d4 Nf6 2.c4 c5 3.d5 e6 4.Nc3 exd5 5.cxd5 d6 6.e4 g6 7.Nf3 Bg7 8.Be2 O-O
9.O-O Re8 10.Nd2 a6 11.a4 Nbd7 12.f3 Rb8 13.Nc4 Nb6 14.a5 Nxc4 15.Bxc4 Qc7
16.Kh1 Ra8 17.Be3 Bd7 18.Qb3 Reb8 19.Na4 Bxa4 20.Qxa4 Nd7 21.Qc2 b5 22.Be2 Re8
23.Rfd1 c4 24.f4 Nc5 25.Bf3 Nb3 26.Ra3 Rac8 27.Bg4 f5 28.Bb6 Qe7 29.exf5 Nc5
30.Bxc5 Rxc5 31.h3 Qf7 32.fxg6 Qxf4 33.gxh7+ Kh8 34.Rf3 Qe5 35.Rf2 Rxd5 36.Re2
Rxd1+ 37.Qxd1 Kxh7 38.Rxe5 Bxe5 39.Bf5+ Kg7 40.Qg4+ Kf8 41.Be6 Ke7 42.Bd5 Rf8
43.Qe2 Kd8 44.g4 Bg3 45.Qe3 {#r} 1-0

[Event "Ch Argentina"]
[Site "masterchessopen.com - Buenos Aires (Argentina)"]
[Date "2004.09.27"]
[Round "5"]
[White "Lafuente Pablo (ARG)"]
[Black "Altamirano Benjamin (ARG)"]
[Result "1-0"]
[WhiteElo "2473"]
[BlackElo "2293"]

1.d4 Nf6 2.c4 g6 3.Nc3 c5 4.d5 d6 5.e4 Bg7 6.Be2 O-O 7.Nf3 e6 8.O-O exd5
9.cxd5 Re8 10.Nd2 Nbd7 11.Kh1 a6 12.a4 b6 13.Rb1 Qc7 14.Qc2 Rb8 15.b3 Nf8
16.f4 Qe7 17.Bd3 N8d7 18.Nf3 Bb7 19.Bd2 Rbd8 20.Rbe1 Qf8 21.Bc4 Nb8 22.Ng5 h6
23.Nf3 Kh7 24.Bc1 Qe7 25.Bd2 Qc7 26.e5 Ng8 27.f5 dxe5 28.fxg6+ fxg6 29.Nh4 Rd6
30.Ne4 b5 31.axb5 axb5 32.Nxd6 Qxd6 33.Bxb5 Nd7 34.Bxd7 {#r} 1-0

[Event "NRW Klasse 2 2004/05"]
[Site "masterchessopen.com - Germany"]
[Date "2004.10.10"]
[Round "1"]
[White "Boehnke Martin (GER)"]
[Black "Weber Franz-Josef (GER)"]
[Result "0-1"]
[WhiteElo "2209"]
[BlackElo "2096"]

1.d4 Nf6 2.c4 c5 3.d5 e6 4.Nc3 exd5 5.cxd5 d6 6.e4 g6 7.Nf3 Bg7 8.Be2 O-O
9.O-O Re8 10.Nd2 a6 11.a4 Nbd7 12.Qc2 Ne5 13.h3 g5 14.Nf3 Nxf3+ 15.Bxf3 g4
16.hxg4 Bxg4 17.Qe2 Qd7 18.a5 Rab8 19.Bf4 Bxf3 20.Qxf3 b5 21.axb6 Rxb6 22.Ra2
Ng4 23.Qe2 Reb8 24.Na4 Rb4 25.Qxa6 Ne5 26.Nc3 Qg4 27.Bg3 R4b6 28.Qa4 h5 29.Qc2
h4 30.Bxe5 Bxe5 31.Qd2 h3 32.f4 Bd4+ 33.Kh2 hxg2 {#R} 0-1

[Event "Olympiad (w)"]
[Site "masterchessopen.com - Calvia (Spain)"]
[Date "2004.10.28"]
[Round "13"]
[White "Nguyen Thi Thanh An (VIE)"]
[Black "Reizniece Dana (LAT)"]
[Result "1-0"]
[WhiteElo "2345"]
[BlackElo "2278"]

1.d4 Nf6 2.c4 c5 3.d5 e6 4.Nc3 exd5 5.cxd5 d6 6.e4 g6 7.Nf3 Bg7 8.Be2 O-O
9.O-O Re8 10.Nd2 a6 11.a4 Nbd7 12.Qc2 Rb8 13.Nc4 Nb6 14.Ne3 Na8 15.f3 Nc7
16.a5 Bd7 17.Nc4 Bb5 18.Bg5 Bxc4 19.Bxc4 h6 20.Be3 b5 21.axb6 Rxb6 22.Rab1 Nd7
23.Qd2 Kh7 24.Rfe1 Nb5 25.Bf1 Nd4 26.b4 Qb8 27.bxc5 Nb3 28.Qc2 Ndxc5 29.Ne2 f5
30.Bxc5 Nxc5 31.exf5 a5 32.Nf4 Rxb1 33.Rxb1 Qa7 34.fxg6+ Kh8 35.Kh1 a4 36.Ne6
Nxe6 37.dxe6 Rxe6 38.Qc8+ {#r} 1-0

[Event "It (open)"]
[Site "masterchessopen.com - Bad Wiessee (Germany)"]
[Date "2004.10.30"]
[Round "1"]
[White "Horvath Peter_ (HUN)"]
[Black "Herzog Matthias (GER)"]
[Result "0-1"]
[WhiteElo "2477"]
[BlackElo "2040"]

1.d4 Nf6 2.c4 c5 3.d5 e6 4.Nc3 exd5 5.cxd5 d6 6.Nf3 g6 7.Nd2 Bg7 8.e4 O-O
9.Be2 Re8 10.O-O b6 11.a4 Ba6 12.Bxa6 Nxa6 13.Re1 Nd7 14.Nc4 Ne5 15.Nxe5 Bxe5
16.Be3 Nc7 17.Qd3 a6 18.f4 Bg7 19.Bf2 Qd7 20.Rab1 b5 21.b4 cxb4 22.Rxb4 a5
23.Rbb1 b4 24.Nb5 Nxb5 25.axb5 Bc3 26.Re2 a4 27.Be1 Bxe1 28.Rexe1 b3 29.e5 Ra5
30.e6 fxe6 31.dxe6 Qxb5 32.e7 {#R} 0-1

[Event "Ch World (juniors) (under 20)"]
[Site "masterchessopen.com - Kochin (India)"]
[Date "2004.11.24"]
[Round "8"]
[White "Alekseev Evgeny (RUS)"]
[Black "Wojtaszek Radoslaw (POL)"]
[Result "1-0"]
[WhiteElo "2604"]
[BlackElo "2536"]

{ } 1.d4 { 1 } 1...Nf6 2.Nf3 e6 3.c4 c5 4.d5 exd5 5.cxd5 d6 6.Nc3 g6 7.Nd2 Bg7
8.e4 O-O 9.Be2 Re8 10.O-O Nbd7 11.Re1 Ne5 { = } ( 11...a6 12.a4 b6 13.h3 Rb8
14.Qc2 Qe7 15.Ra3 Qf8 16.Qb1 Bh6 17.Bf1 Ne5 18.Rd1 Nfd7 19.Ne2 Bxd2 20.Bxd2
Nc4 21.Rg3 Nxd2 22.Rxd2 b5 23.axb5 Rxb5 24.Nc3 Rb4 25.Qa2 Qh6 26.Rc2 Rb7
27.Qa4 Qf4 28.Re3 Rb4 29.Qc6 Rb6 30.Qa4 Qf6 31.Rd2 { ...0-1, Nadera Barlo A
2390 - Minasian Artashes 2585 , Dubai 23. 4.2004 It (open) } ) 12.Nf1 ( 12.a4
a6 13.h3 g5 14.Nf1 h6 15.Ne3 Ng6 16.Bd3 Nf4 17.Nc4 Nxd3 18.Qxd3 Nd7 19.f4 Nb6
20.Nxb6 Qxb6 21.Qg3 gxf4 22.Bxf4 Kh7 23.Bxd6 Qxb2 24.e5 Bf5 25.Ra2 Qb4 26.Rf2
Bg6 27.Rf4 Qb6 28.Ref1 Kg8 29.Rg4 h5 30.Rxg6 fxg6 31.Qxg6 c4+ { ...1-0,
Ivanchuk Vassily 2660 - De Firmian Nick E 2595 , Biel 1989 It } ) 12...c4 { }
( 12...a6 13.a4 Rb8 14.h3 h6 15.Ng3 g5 16.Be3 g4 17.h4 Nh7 18.h5 Qh4 19.Qd2
Bf6 20.Bxh6 Kh8 21.Nd1 Rg8 22.Ra3 Bg5 23.Bxg5 Rxg5 24.Qf4 f5 25.Nxf5 Bxf5
26.Rh3 gxh3 27.Qxh4 Rxg2+ 28.Kf1 Rbg8 29.f3 Rg1+ 30.Kf2 R8g2+ 31.Ke3 h2
32.Qd8+ { ...0-1, Benjamin Joel 2485 - Lobron Eric 2480 , Chicago 1983 Ch
World (team) (under 26) } ) ( 12...h5 13.h3 a6 14.a4 Rb8 15.a5 b5 16.axb6 Rxb6
17.Qc2 Qc7 18.Bd2 Rb4 19.f3 c4 20.Nd1 Rb8 21.Nfe3 Qb6 22.Bxc4 Bxh3 23.Rxa6 Qd8
24.Bf1 Bc8 25.Ra7 Nfd7 26.Bc3 Bh6 27.Qf2 Bf4 28.g3 Qg5 29.Kh2 Qh4+ 30.Kg2 Qg5
31.Kh2 Qh4+ 32.Kg2 { ...1/2-1/2, Gyimesi Zoltan 2585 - Wojtaszek Radoslaw 2469
, Cappelle la Grande 2002 It (open) } ) ( 12...h6 13.f4 Ned7 14.Qc2 a6 15.a4
Rb8 16.Be3 b5 17.axb5 axb5 18.Bxb5 Nxe4 19.Nxe4 Rxb5 20.Nxd6 Rxb2 21.Qd3 Rf8
22.Rab1 Rxb1 23.Rxb1 Qc7 24.Nxc8 Rxc8 25.Qa6 Rb8 26.Rxb8+ Nxb8 27.Qc4 Nd7
28.Nd2 Nb6 29.Qxc5 Qxc5 30.Bxc5 Nxd5 { 1/2-1/2, Gavrikov Viktor 2485 -
Guseinov Aidyn 2489 , Tallinn 1983 Ch URS (1 liga) } ) 13.Nd2 { N } ( 13.a4
Bd7 ( 13...a6 14.h3 Rb8 15.f4 Nd3 16.Bxd3 cxd3 17.Qxd3 b5 18.axb5 axb5 19.Bd2
b4 20.Na4 Qa5 21.Ng3 h5 22.Kh2 h4 23.Nh1 Nh5 24.Nf2 f5 25.Qb3 Bd4 26.Be3 Bxe3
27.Qxe3 Qb5 28.Qd4 Nxf4 29.Qf6 Qd7 30.Qxh4 Nh5 31.exf5 Bb7 32.fxg6 Qf5 {
...1-0, Grooten Herman 2389 - Krudde Fitzgerald 2273 , Dieren 1988 It (open) }
) 14.h3 Qa5 15.Be3 Rac8 16.Bd4 Qa6 17.Nd2 h5 18.a5 Nh7 19.Nf3 Nxf3+ 20.Bxf3
Bxd4 21.Qxd4 b5 22.axb6 Qxb6 23.Qxb6 axb6 24.Ra7 Nf6 25.Rea1 b5 26.Rb7 Rb8
27.Rc7 b4 28.Nd1 Rec8 29.Rxc8+ Rxc8 30.Rc1 Ba4 31.Ne3 Bb3 32.Kf1 Nd7 { ...0-1,
Savon Vladimir A 2430 - Lobron Eric 2530 , Belgrade 1988 } ) 13...Qc7 14.b3 {
?! } ( 14.Nf3 { !? } 14...Nxf3+ 15.Bxf3 a6 16.Bf4 { } ) 14...Nd3 15.Bxd3 cxd3
16.Bb2 b5 { ? } ( { ? } 16...Ng4 17.Qf3 Ne5 18.Qe3 Bd7 { } ) 17.Rc1 { ? } ( {
? } 17.Nxb5 Qc5 18.Qf3 Qxb5 19.Bxf6 { } ) 17...Qb6 18.h3 Nd7 19.Nf3 Ba6 20.b4
Rac8 { ?! } ( 20...Bh6 { !? } 21.Rb1 Ne5 22.Rf1 d2 { } ) 21.Qxd3 Rc4 22.Nd1
Rec8 23.Rb1 Bxb2 24.Rxb2 Re8 25.a3 Ne5 26.Nxe5 Rxe5 27.Rbe2 Bc8 28.Nb2 Rd4
29.Qc3 Bd7 { ?! } ( 29...Bb7 { !? } 30.Qf3 Qc7 31.Re3 Kg7 { } ) 30.Kh2 { ?! }
( 30.Nd3 { !? } 30...Rc4 31.Qb2 Re8 32.e5 { } ) 30...Re8 31.f3 Rc8 32.Qe3 Re8
33.Qf2 Rc8 34.Rc2 Rxc2 35.Qxc2 Qd8 36.Qf2 Qf6 37.Re2 h5 38.h4 Qg7 39.Qg3 Qf8
40.Rc2 Kh7 41.Qg5 Qg7 42.Rc7 Be8 43.Qe7 { } {#r} 1-0

[Event "It (open)"]
[Site "masterchessopen.com - Obrenovac (Yugoslavia)"]
[Date "2004.11.29"]
[Round "8"]
[White "Nikolic Branislav (SRB)"]
[Black "Ruzicic Sinisa (SRB)"]
[Result "1-0"]
[WhiteElo "2075"]
[BlackElo "2039"]

1.d4 Nf6 2.c4 e6 3.Nf3 c5 4.d5 exd5 5.cxd5 d6 6.Nc3 g6 7.e4 Bg7 8.Be2 O-O
9.O-O Re8 10.Nd2 a6 11.a4 Qc7 12.Qc2 Ng4 13.h3 Nh6 14.Nc4 f6 15.Bf4 Nf7 16.a5
Nd7 17.Na4 Rb8 18.Nab6 Nxb6 19.Nxb6 Qe7 20.Bd3 Ne5 21.Rfe1 Bd7 22.Rab1 Bb5
23.Bf1 Nd7 24.Nc4 Bxc4 25.Bxc4 Ne5 26.b3 b5 27.axb6 Rxb6 28.Ra1 Ra8 29.Ra5 Qb7
30.Bxe5 fxe5 31.Rea1 Bh6 32.Qe2 Qb8 33.Qg4 Qc8 34.Rxa6 Rbxa6 35.Rxa6 Qb7
36.Qe6+ Kh8 37.Rxd6 Rf8 38.Rd7 {#r} 1-0

[Event "Ch du Loiret"]
[Site "masterchessopen.com - France"]
[Round "3"]
[White "Costes JF"]
[Black "Dudognon Julien (FRA)"]
[Result "0-1"]
[WhiteElo "2500"]
[BlackElo "2019"]

1.d4 Nf6 2.c4 g6 3.Nf3 Bg7 4.Nc3 c5 5.d5 e6 6.e4 exd5 7.cxd5 d6 8.Be2 O-O
9.Nd2 Re8 10.O-O a6 11.a4 Nbd7 12.Qc2 Rb8 13.Rb1 Ne5 14.h3 Qa5 15.f4 Ned7
16.Nc4 Qc7 17.Nd2 Nb6 18.b3 Bd7 19.Bb2 Nc8 20.Ra1 b5 21.a5 b4 22.Nd1 Bb5
23.Bxb5 Rxb5 24.f5 Qe7 25.fxg6 hxg6 26.Nf2 Nh5 27.Bxg7 Kxg7 28.Ng4 Rf8 29.Qd3
Qh4 30.Rf3 Qg5 31.g3 f5 32.Raf1 Ne7 33.h4 Qxg4 34.R1f2 Nf6 35.Rf4 Qh5 36.Nf3
fxe4 37.Qe3 Nexd5 38.g4 Nxe3 39.gxh5 exf3 40.R4xf3 Neg4 41.Rg2 gxh5 {#R} 0-1

[Event "Ch Russia (club) (1/2 final)"]
[Site "masterchessopen.com - Cheliabinsk (Russia)"]
[Round "8"]
[White "Timoscenko Gennadij (SVK)"]
[Black "Bakin Alexander (RUS)"]
[Result "1-0"]
[WhiteElo "2518"]
[BlackElo "2266"]

1.d4 Nf6 2.c4 e6 3.Nc3 c5 4.d5 exd5 5.cxd5 d6 6.Nf3 g6 7.Nd2 Bg7 8.e4 O-O
9.Be2 Re8 10.O-O a6 11.a4 Nbd7 12.Re1 Ne5 13.f4 Neg4 14.Bf3 Nxe4 15.Ncxe4 Bd4+
16.Kh1 Qh4 17.Bxg4 Bxg4 18.Nf3 Bxf3 19.gxf3 f5 20.Ng3 Bf2 21.Rg1 Bxg1 22.Qxg1
Kf7 23.Bd2 b5 24.b4 cxb4 25.Qd4 Rac8 26.axb5 axb5 27.Qxb4 Qf6 28.Ra7+ Re7
29.Rxe7+ Qxe7 30.Qxb5 h5 31.Kg2 Rc5 32.Qb3 h4 33.Be3 hxg3 34.Bxc5 dxc5 35.d6+
Qe6 36.Qd3 c4 37.Qd4 Ke8 38.hxg3 Kd7 39.Kh3 Qe2 40.Qc5 Qf1+ 41.Kh4 Qg2 42.Qc7+
Ke6 43.Qe7+ Kd5 44.d7 g5+ 45.Kh5 {#r} 1-0

[Event "It (open)"]
[Site "masterchessopen.com - Osijek (Croatia)"]
[Date "2005.02.13"]
[Round "3"]
[White "Babic Radoslav (CRO)"]
[Black "Feletar Darko (CRO)"]
[Result "0-1"]
[WhiteElo "2027"]
[BlackElo "2394"]

1.d4 Nf6 2.Nf3 c5 3.d5 g6 4.c4 Bg7 5.Nc3 d6 6.e4 O-O 7.Be2 e6 8.O-O exd5
9.cxd5 Re8 10.Nd2 Nbd7 11.f3 Ne5 12.Nc4 Nxc4 13.Bxc4 a6 14.a4 Nd7 15.Bf4 Ne5
16.Be2 Rb8 17.Qd2 f5 18.Rab1 Qa5 19.Kh1 Bd7 20.Ra1 Nf7 21.Bd3 fxe4 22.Bxe4 Qb4
23.Nd1 Qxd2 24.Bxd2 b5 25.axb5 Bxb5 26.Re1 Ne5 27.Bc3 Nd3 28.Bxd3 Rxe1+
29.Bxe1 Bxd3 30.Bc3 Bxc3 31.bxc3 Rb3 32.Rc1 a5 33.Nf2 Bb1 34.Ne4 Bxe4 35.fxe4
a4 36.Kg1 a3 37.Kf2 Kf7 38.Ke2 a2 39.Ra1 Rb2+ 40.Kf3 Kf6 41.h3 Ke5 42.g3 Rc2
{#R} 0-1

[Event "It (open)"]
[Site "masterchessopen.com - Coria del Rio (Spain)"]
[Date "2005.02.14"]
[Round "6"]
[White "Komljenovic Davor (CRO)"]
[Black "Brito Antonio"]
[Result "1-0"]
[WhiteElo "2465"]
[BlackElo "1824"]

1.d4 Nf6 2.c4 g6 3.Nc3 Bg7 4.e4 d6 5.Be2 O-O 6.Nf3 c5 7.d5 e6 8.O-O exd5
9.cxd5 Re8 10.Nd2 a6 11.a4 Nbd7 12.Kh1 Ne5 13.Ndb1 h5 14.Bg5 Qc7 15.Na3 Neg4
16.h3 Nh6 17.Bd3 Nh7 18.Be3 Bd7 19.Qd2 g5 20.f4 f6 21.e5 fxe5 22.fxg5 Ng4
23.hxg4 hxg4 24.Qf2 {#r} 1-0

[Event "Ch Belgium (team) 2004/05"]
[Site "masterchessopen.com - Belgium"]
[Date "2005.03.20"]
[Round "11"]
[White "Stuer Marc (BEL)"]
[Black "De Haan Eric (NED)"]
[Result "0-1"]
[WhiteElo "2082"]
[BlackElo "2294"]

1.d4 Nf6 2.Nf3 e6 3.c4 c5 4.d5 d6 5.Nc3 exd5 6.cxd5 g6 7.e4 Bg7 8.Be2 O-O
9.O-O Re8 10.Nd2 Nbd7 11.f4 c4 12.Kh1 Nc5 13.e5 dxe5 14.Nxc4 e4 15.Be3 b6
16.b4 Nd3 17.Bxd3 exd3 18.Qxd3 Bf5 19.Qd2 Ng4 20.Bd4 Bxd4 21.Qxd4 Qh4 22.h3 b5
23.Nxb5 Re2 24.Rf3 Be4 25.Nc3 Bxf3 26.Nxe2 Qxh3+ {#R} 0-1

[Event "It (cat.7)"]
[Site "masterchessopen.com - Budapest (Hungary)"]
[Date "2005.04.09"]
[Round "8"]
[White "Pap Gyula (HUN)"]
[Black "Karatorossian David (ARM)"]
[Result "0-1"]
[WhiteElo "2384"]
[BlackElo "2373"]

1.d4 c5 2.d5 e6 3.c4 exd5 4.cxd5 d6 5.Nc3 g6 6.e4 Bg7 7.Nf3 Nf6 8.Be2 O-O
9.O-O Re8 10.Nd2 a6 11.a4 Nbd7 12.Ra3 Rb8 13.a5 Qc7 14.Qc2 b5 15.axb6 Rxb6
16.Nc4 Rb4 17.Bf4 Bf8 18.Bg5 Bg7 19.Bf4 Bf8 20.Bg3 Nh5 21.Bxh5 Rxc4 22.Be2 Rb4
23.b3 Bg7 24.Bxa6 Bxa6 25.Rxa6 Ne5 26.Qe2 Qb8 27.f4 Nd7 28.e5 dxe5 29.f5 Rxb3
30.Ne4 Rb1 31.Be1 Qb3 32.fxg6 hxg6 33.Qf2 Rf8 34.Rd6 Bh6 35.Kh1 Nb6 36.Qh4 Qd3
37.Rg1 Kg7 38.Nxc5 Qd4 39.Qf6+ Kg8 40.Rxb6 Rxb6 41.Qxb6 Be3 42.Rf1 Qxc5
43.Qxc5 Bxc5 44.Bg3 Bd4 45.Rb1 Ra8 46.h4 Ra5 47.Rb8+ Kg7 48.d6 Rd5 49.Rd8 Kf6
50.Rd7 Bc5 51.h5 gxh5 52.Bh4+ Kg6 53.Be7 Kf5 54.Bf8 f6 55.Rh7 Bxd6 56.Bxd6
Rxd6 57.Rxh5+ Kg4 58.Rh3 Rd1+ 59.Kh2 e4 60.Ra3 f5 61.Rb3 f4 62.Rb8 e3 63.Re8
Rd5 64.Kg1 Rd1+ 65.Kh2 Re1 66.Re7 Rb1 67.Re8 Kf5 68.g3 Kg4 69.gxf4 Kf3 70.f5
Rb6 71.Re7 e2 72.Re8 Kf2 73.Kh3 Rb3+ {#R} 0-1

[Event "It (open)"]
[Site "masterchessopen.com - Barbera (Spain)"]
[Date "2005.07.05"]
[Round "2"]
[White "Carstensen Jacob (DEN)"]
[Black "Del Rio Angelis Salvador G (ESP)"]
[Result "0-1"]
[WhiteElo "2315"]
[BlackElo "2489"]

1.d4 e6 2.c4 Nf6 3.Nf3 c5 4.d5 exd5 5.cxd5 g6 6.Nc3 Bg7 7.e4 d6 8.Nd2 O-O
9.Be2 Re8 10.O-O Nbd7 11.f4 c4 12.Bf3 b5 13.a4 b4 14.Nb5 c3 15.bxc3 bxc3
16.Nxc3 Nxd5 17.exd5 Bxc3 18.Ra3 Bg7 19.Re1 Nc5 20.Rxe8+ Qxe8 21.Nc4 Qd7
22.Be3 Ba6 23.Na5 Re8 24.Bf2 Bb2 25.Re3 Rxe3 26.Bxe3 Nxa4 27.Nc6 Nc5 28.h3 Nd3
29.Qd2 Bc1 30.Qe2 Nxf4 31.Qf2 Nd3 32.Qe2 Ne5 33.Qf2 Nxf3+ 34.Qxf3 Bxe3+
35.Qxe3 Bb7 36.Qe4 Kf8 37.Kh1 a6 38.Qf3 Qf5 39.Qc3 f6 40.Qb4 Qd7 41.Qb6 Kg7
42.Na5 Bxd5 43.Kh2 Qb5 44.Qc7+ Kh6 45.Qxd6 Qxa5 46.Qf8+ Kg5 47.h4+ Kg4 48.Qc8+
f5 49.Qc1 f4 50.Qc8+ Kxh4 51.Qh8 Qc7 52.Qf6+ Kh5 53.Kh3 Qd7+ 54.Kh2 Qg4 {#R}
0-1

[Event "It (cat.7)"]
[Site "masterchessopen.com - Salamanca (Spain)"]
[Date "2005.07.13"]
[Round "4"]
[White "Zlotnik Boris A (RUS)"]
[Black "Sanz Alonso Francisco J (ESP)"]
[Result "1-0"]
[WhiteElo "2447"]
[BlackElo "2385"]

1.d4 Nf6 2.c4 c5 3.d5 e6 4.Nc3 exd5 5.cxd5 d6 6.Nf3 g6 7.e4 Bg7 8.Nd2 O-O
9.Be2 Re8 10.O-O Nbd7 11.Re1 Ne5 12.a4 g5 13.Nf1 h6 14.Ng3 a6 15.Qc2 b6 16.Bd2
Ra7 17.Nd1 Ng6 18.Ne3 Nh4 19.Rab1 Rae7 20.Bd3 Ng4 21.Nxg4 Bxg4 22.Bxa6 Bd7
23.Bd3 Qa8 24.b3 Ng6 25.Nh5 Bh8 26.Ng3 Ne5 27.Bb5 Bxb5 28.axb5 Ra7 29.Nf5 Ra2
30.Qd1 {#r} 1-0